000 00329nam a22001097a 4500
082 _a891.433/SIN/N
100 _aखुशवंत सिंह
_949856
245 _aदिल्‍ली
260 _aदिल्‍ली
_bकिताबघर प्रकाशन
_c2023
650 _aउपन्‍यास
942 _cHIN
999 _c68367
_d68367